Construction Act review (Record no. 77870)
[ view plain ]
| 000 -LEADER | |
|---|---|
| fixed length control field | 01623cab a2200265 4500 |
| 001 - CONTROL NUMBER | |
| control field | ##L135339 |
| 008 - FIXED-LENGTH DATA ELEMENTS--GENERAL INFORMATION | |
| fixed length control field | 061016n2006 000 0 eng u |
| 035 ## - SYSTEM CONTROL NUMBER | |
| System control number | (Sirsi) u135339 |
| 041 0# - LANGUAGE CODE | |
| Language code of text/sound track or separate title | eng |
| 100 1# - MAIN ENTRY--PERSONAL NAME | |
| Personal name | Helps, Dominic |
| 245 00 - TITLE STATEMENT | |
| Title | Construction Act review |
| 260 ## - PUBLICATION, DISTRIBUTION, ETC. | |
| Date of publication, distribution, etc. | 2006 |
| 490 #0 - SERIES STATEMENT | |
| Series statement | Construction Law Journal |
| Volume/sequential designation | 22(6) 2006, 378-393(16) |
| 520 ## - SUMMARY, ETC. | |
| Summary, etc. | Examines the current position regarding stay of execution of an adjudicator's decision on the grounds of insolvency. Highlights developments in this area with reference to the following cases: "Harwood Construction Ltd v Lantrode Ltd" (TCC, unreported), "Total v ABB Building Technologies" (TCC, X118295), "Wimbledon Construction v Derek Vego" ([2005] EWHC 1086 (TCC), L130541), and "All in One Building and Refurbishments Ltd v Makers UK Ltd" ([2005] EWHC 2943 TCC, L132373). Concludes with a summary of the current position and briefly mentions key points from the consultation document "Improving payment practices in the construction industry" (L132162 and L129312). |
| 590 ## - LOCAL NOTE (RLIN) | |
| Local note | IKA311006 |
| 650 24 - SUBJECT ADDED ENTRY--TOPICAL TERM | |
| Topical term or geographic name entry element | TOTAL M&E SERVICES LTD V ABB BUILDING TECHNOLOGIES LTD |
| 650 24 - SUBJECT ADDED ENTRY--TOPICAL TERM | |
| Topical term or geographic name entry element | HARWOOD CONSTRUCTION LTD V LANTRODE LTD |
| 650 24 - SUBJECT ADDED ENTRY--TOPICAL TERM | |
| Topical term or geographic name entry element | WIMBLEDON CONSTRUCTION CO 2000 LTD V VAGO |
| 650 24 - SUBJECT ADDED ENTRY--TOPICAL TERM | |
| Topical term or geographic name entry element | ALL IN ONE BUILDING & REFURBISHMENTS LTD V MAKERS UK LTD |
| 650 24 - SUBJECT ADDED ENTRY--TOPICAL TERM | |
| Topical term or geographic name entry element | HOUSING GRANTS, CONSTRUCTION AND REGENERATION ACT 1996 |
| 651 #4 - SUBJECT ADDED ENTRY--GEOGRAPHIC NAME | |
| Geographic name | England and Wales |
| Chronological subdivision | 1543- |
| 690 ## - LOCAL SUBJECT ADDED ENTRY--TOPICAL TERM (OCLC, RLIN) | |
| Topical term or geographic name as entry element | MANAGEMENT-DISPUTE AVOIDANCE, MANAGEMENT AND RESOLUTION-DISPUTE MANAGEMENT AND RESOLUTION-ALTERNATIVE DISPUTE RESOLUTION-ADJUDICATION |
| 700 1# - ADDED ENTRY--PERSONAL NAME | |
| Personal name | Sheridan, Peter |
| 942 ## - ADDED ENTRY ELEMENTS (KOHA) | |
| Suppress in OPAC | 0 |
| Withdrawn status | Lost status | Source of classification or shelving scheme | Damaged status | Not for loan | Home library | Current library | Shelving location | Date acquired | Total Checkouts | Full call number | Barcode | Date last seen | Copy number | Price effective from | Koha item type |
|---|---|---|---|---|---|---|---|---|---|---|---|---|---|---|---|
| Dewey Decimal Classification | London | London | Journal article | 16/10/2006 | L135339 | 135339-1001 | 06/08/2019 | 1 | 06/08/2019 | Journal article |